[Event "Olympiad Women 2024"]
[Site "Budapest HUN"]
[Date "2024.09.21"]
[Round "10.23"]
[Board "4"]
[White "Machlik, Monika"]
[Black "Hamid, Rani"]
[Result "1-0"]
[WhiteElo "2109"]
[BlackElo "1900"]
[PlyCount "97"]
[EventDate "2024.09.11"]
[WhiteTeam "Norway"]
[BlackTeam "Bangladesh"]
[WhiteTeamCountry "NOR"]
[BlackTeamCountry "BAN"]

1. d4 d5 2. c4 e6 3. Nc3 Nf6 4. cxd5 exd5 5. Bg5 Nbd7 6. e3 c6 7. Bd3 Be7 8. h3 O-O 9. Qc2 Re8 10. Bf4 Nf8 11. Nf3 Bd6 12. Bxd6 Qxd6 13. O-O Ng6 14. Rfe1 ({RR} 14. Rfb1 a5 15. a3 Qe7 16. Re1 Ne4 17. Bxe4 dxe4 18. Nd2 f5 19. Ne2 Be6 20. Rac1 Qg5 21. Qc5 Bd5 22. g3 h5 23. Kh2 h4 24. Rg1 Kf7 25. Nf4 Nxf4 26. gxf4 Qe7 27. Qc3 g6 28. Nc4 Bxc4 {1-0 Sethuraman,S (2603)-Javakhadze,Z (2457) Titled Tue 7th Nov Early 2023 (4)}) 14... Bd7 15. b4 b5 $146 ({RR} 15... a6 16. Rab1 Qe7 17. Na4 Ne4 18. Nc5 Bc8 19. Bxe4 dxe4 20. Nd2 f5 21. f4 exf3 22. Nxf3 Nh4 23. Nxh4 Qxh4 24. Qf2 Qxf2+ 25. Kxf2 b6 26. Nd3 Be6 27. a4 Bd5 28. Ne5 Ra7 29. Rec1 Rc7 30. Rc3 {1-0 Leviczki,T (2258)-Szekeres,R (2084) HUN-ch U20 Budapest 2003 (9)}) ({RR} 15... b6 16. a3 Re7 17. e4 dxe4 18. Nxe4 Nxe4 19. Bxe4 Rae8 20. Rad1 Qf6 21. Re3 Nh4 22. Ne5 Bf5 23. Qxc6 Bxe4 24. Qxe4 Ng6 25. Qd5 Nxe5 26. dxe5 Qf5 27. Rd4 g6 28. f4 Rc7 29. Kh2 Kg7 30. Qd6 {½-½ Akesson,R (2369)-Heberla,B (2557) TCh-SWE Elitserien 2023 (8.2)}) ({RR} 15... Rac8 16. a3 Re7 17. Rad1 Rce8 18. Ng5 Nf8 19. Nf3 Ne4 20. Bxe4 dxe4 21. Ne5 Bf5 22. f3 h5 23. fxe4 Bh7 24. Qa2 Qh6 25. Re2 Qe6 26. Qxe6 Rxe6 27. Nf3 f6 28. Nd2 Nd7 29. Rde1 Kf8 30. Nc4 {0-1 Nguyen Luu,T (2052)-Brameyer,H (2271) Kreuzberg 2000 (6)}) ({RR} 15... a5 16. b5 cxb5 17. Nxb5 Bxb5 18. Bxb5 Rec8 19. Qb2 Rc7 20. Bd3 Nd7 21. Rab1 Ne7 22. Rec1 Rac8 23. Rxc7 Rxc7 24. Qb5 Nc6 25. Qa4 g6 26. Bb5 Ndb8 27. g3 Kg7 28. Kg2 h6 29. Bxc6 Nxc6 30. Rb5 {1-0 Bernasek,J (2476)-Vechet,S (2230) CZE-ch Kouty nad Desnou 2012 (1)}) 16. Rab1 a5 17. bxa5 Rxa5 18. a4 b4 19. Na2 Rb8 20. Rb2 c5 21. dxc5 Rxc5 22. Qb1 Ra5 23. Rxb4 Rxb4 24. Qxb4 Qxb4 25. Nxb4 Rxa4 26. Rb1 Kf8 27. Bc2 Ra5 28. Rd1 Rb5 29. Rd4 Rc5 30. Bb3 Be6 31. g4 h6 32. Kg2 Ke7 33. Ba2 Kd6 34. Nd2 Rc3 35. Bxd5 Bxd5+ 36. Nxd5 Rc1 37. Nxf6+ Ke6 38. Nfe4 Nh4+ 39. Kh2 g5 40. Rb4 Rc6 41. Ra4 Ng6 42. Nf3 Kd5 43. Rd4+ Ke6 44. Rd2 Rb6 45. Kg3 Ke7 46. Nd4 Ne5 47. Nf5+ Ke8 48. Ned6+ Kf8 49. Nc4 1-0

[Event "Olympiad Women 2024"]
[Site "Budapest HUN"]
[Date "2024.09.21"]
[Round "10.24"]
[Board "1"]
[White "Corrales Jimenez, Zenia"]
[Black "Cori T., Deysi"]
[Result "1/2-1/2"]
[WhiteElo "2170"]
[BlackElo "2366"]
[PlyCount "110"]
[EventDate "2024.09.11"]
[WhiteTeam "Mexico"]
[BlackTeam "Peru"]
[WhiteTeamCountry "MEX"]
[BlackTeamCountry "PER"]

1. e4 g6 2. d4 Bg7 3. Nc3 d6 4. Be3 a6 5. g4 Nd7 ({RR} 5... Nf6 6. h3 Nc6 7. f4 O-O 8. Nf3 Nd7 9. Bg2 b5 10. e5 Nb6 11. Qe2 Bb7 12. O-O-O Na5 13. b3 Rb8 14. h4 Qd7 15. h5 Qxg4 16. Rdg1 b4 17. Nd1 Nd5 18. Qd2 Nxe3 19. Qxe3 c5 20. dxc5 {0-1 Dominguez Perez,L (2758)-Chigaev,M (2631) Wch Blitz Moscow 2019 (20)}) 6. h4 h6 ({RR} 6... c5 7. g5 h6 8. dxc5 Nxc5 9. Bxc5 Bxc3+ 10. bxc3 dxc5 11. Qxd8+ Kxd8 12. h5 gxh5 13. Rxh5 Kc7 14. f4 Rh7 15. Kf2 b6 16. Bh3 Rg7 17. Bxc8 Rxc8 18. gxh6 Rh7 19. e5 Rxh6 20. Rxh6 Nxh6 21. Nf3 {½-½ Navalgund,N (2185)-Nguyen,P (2423) Riga Tech Open A 2024 (3.23)}) 7. Bg2 c5 8. g5 $146 ({RR} 8. Nge2 Ngf6 9. h5 Nxg4 10. hxg6 fxg6 11. Nf4 Nf8 12. dxc5 Nxe3 13. fxe3 h5 14. cxd6 Qxd6 15. Qxd6 Bxc3+ 16. bxc3 exd6 17. Nd5 Rb8 18. O-O-O Be6 19. Nf4 Ke7 20. Nd5+ Ke8 21. Nf4 Rd8 22. a4 Ke7 {1-0 Suarez Uriel,A (2375)-Pourquet,M (2193) Villa de Gijon op 6th 2022 (6)}) 8... Qa5 9. Nf3 Nb6 10. Qd3 hxg5 11. hxg5 Rxh1+ 12. Bxh1 Na4 13. Rb1 Be6 14. a3 Nxc3 15. Qxc3 Qa4 16. Qd2 Rc8 17. c3 Bb3 18. Ng1 e5 19. d5 Ne7 20. Ne2 Qd7 21. Ng3 Qg4 22. Qe2 Qxe2+ 23. Kxe2 Kd7 24. Bf3 Rh8 25. Kd2 Kc7 26. Bd1 Bxd1 27. Kxd1 a5 28. b4 axb4 29. axb4 b6 30. bxc5 dxc5 31. d6+ Kxd6 32. Rxb6+ Nc6 33. Rb5 c4 34. Rc5 Ra8 35. Rxc4 Ra5 36. Ne2 Bf8 37. Nc1 Kd7 38. Nb3 Ra2 39. Nc5+ Bxc5 40. Rxc5 Ra5 41. Rxa5 Nxa5 42. Kc2 Nc4 43. Kb3 Nd6 44. f3 Kc6 45. c4 Nb7 46. Kb4 Nd8 47. c5 Nb7 48. Bf2 Nd8 49. Kc4 Ne6 50. Be3 Nf8 51. f4 exf4 52. Bxf4 Ne6 53. Be3 Nf8 54. Bf4 Ne6 55. Be3 Nf8 1/2-1/2

[Event "Olympiad Women 2024"]
[Site "Budapest HUN"]
[Date "2024.09.21"]
[Round "10.24"]
[Board "2"]
[White "Contreras Huaman, Fiorella"]
[Black "Miranda Rodriguez, Tania"]
[Result "1/2-1/2"]
[WhiteElo "2168"]
[BlackElo "2090"]
[PlyCount "105"]
[EventDate "2024.09.11"]
[WhiteTeam "Peru"]
[BlackTeam "Mexico"]
[WhiteTeamCountry "PER"]
[BlackTeamCountry "MEX"]

1. e4 c5 2. Nc3 d6 3. g3 Nc6 4. Bg2 g6 5. d3 Bg7 6. Nge2 Nf6 7. O-O O-O 8. h3 Rb8 9. f4 Nd7 10. g4 b5 11. Ng3 b4 12. Nce2 Ba6 13. f5 Qb6 14. Nf4 c4+ 15. Kh1 Be5 $146 ({RR} 15... cxd3 16. cxd3 Nde5 17. g5 Rfc8 18. h4 Qb5 19. d4 Nd3 20. f6 Bf8 21. Bh3 Rd8 22. Nd5 Qb7 23. fxe7 Nxe7 24. Nf6+ Kh8 25. Rf3 Nxc1 26. Rxc1 Bg7 27. Qd2 Nc6 28. h5 Bxf6 29. gxf6 Bb5 30. Nf5 {1-0 Bitensky,I (2400)-Goryachkina,A (2402) Tata Steel-C 75th 2013 (9.4)}) 16. Nge2 cxd3 17. Nxd3 Bg7 18. Nef4 Nde5 19. Nd5 Qd8 20. Bg5 h6 21. Bxe7 Nxe7 22. f6 Nxd5 23. fxg7 Kxg7 24. exd5 Bxd3 25. cxd3 Qb6 26. Qd2 Qd4 27. Rad1 g5 28. Be4 Ng6 29. Qg2 Rbc8 30. Rde1 Ne5 31. Rd1 Rc7 32. Rd2 Rfc8 33. Bf5 Rb8 34. Rdf2 b3 35. a3 Rc2 36. Qe4 Qxb2 37. Kg2 Qxa3 38. d4 Nc4 39. Be6 f6 40. Bf7 Kxf7 41. Qe6+ Kg7 42. Qxf6+ Kh7 43. Qe7+ Kh8 44. Qe6 Qb2 45. Qxh6+ Kg8 46. Qxg5+ Kh8 47. Qh6+ Kg8 48. Qe6+ Kh8 49. Qf6+ Kg8 50. Qg6+ Kh8 51. Qh6+ Kg8 52. Qg6+ Kh8 53. Qh6+ 1/2-1/2

[Event "Olympiad Women 2024"]
[Site "Budapest HUN"]
[Date "2024.09.21"]
[Round "10.24"]
[Board "3"]
[White "Mendez Tovar, Yessica Yissel"]
[Black "Garcia Andrada, Heidy Nicole"]
[Result "1/2-1/2"]
[WhiteElo "2004"]
[BlackElo "2003"]
[PlyCount "110"]
[EventDate "2024.09.11"]
[WhiteTeam "Mexico"]
[BlackTeam "Peru"]
[WhiteTeamCountry "MEX"]
[BlackTeamCountry "PER"]

1. e4 c5 2. Nf3 Nc6 3. Nc3 e6 4. d4 cxd4 5. Nxd4 Qc7 6. Be3 a6 7. Qf3 Nf6 8. O-O-O d6 9. Qg3 b5 ({RR} 9... Bd7 10. f3 Rc8 11. Kb1 h5 12. Bd3 Ne5 13. f4 h4 14. Qe1 Nxd3 15. cxd3 b5 16. h3 Be7 17. Rc1 {½-½ Zhigalko,S (2654)-Harikrishna,P (2740) TUR-chT Kocaeli 2015 (7.2)}) ({RR} 9... Bd7 10. Be2 Rc8 11. f3 b5 12. Nxc6 Bxc6 13. a3 Qb7 14. Rxd6 Bxd6 15. Qxd6 Qe7 16. Qe5 Bb7 17. Rd1 O-O 18. g4 Rfd8 19. Rxd8+ Rxd8 20. h4 Ne8 21. g5 Qd6 22. Qxd6 Nxd6 23. Bc5 Bc6 24. b3 {1-0 Pichot,A (2644)-Martinez Pla,X (2247) Titled Tue 6th Feb Late 2024 (2)}) 10. Nxc6 $146 ({RR} 10. Bxb5 axb5 11. Ndxb5 Qb8 12. Bc5 Nh5 13. Nxd6+ Bxd6 14. Qxd6 Qxd6 15. Rxd6 Bb7 16. Nb5 O-O 17. Rd7 Rfb8 18. Nd6 Nd8 19. a3 {½-½ Ondok,L (2135)-Somogyi,I (2165) HUN-chT2 Maroczy 1516 2015 (9.7)}) 10... Qxc6 11. e5 dxe5 12. Qxe5 Nd7 13. Qg3 Bb7 14. Ne2 Rc8 15. Nd4 Qe4 16. Rg1 Qg6 17. Qxg6 hxg6 18. h3 Be7 19. Be2 Ne5 20. Kb1 g5 21. Nb3 Ng6 22. Na5 Bd5 23. g3 Be4 24. Bd3 Bxd3 25. Rxd3 Rxh3 26. Nb7 Rc6 27. Rgd1 f6 28. Nd8 Rc8 29. Nxe6 Kf7 30. Nd4 Ne5 31. Rb3 g6 32. a3 Rc4 33. Ne2 Ng4 34. Rd7 Rh1+ 35. Ka2 Rxc2 36. Nd4 Rc4 37. Ra7 Ke8 38. Rxa6 Nxe3 39. fxe3 b4 40. Nc6 Rcc1 41. Rd3 bxa3 42. bxa3 Rhg1 43. Nxe7 Rg2+ 44. Kb3 Kxe7 45. Rdd6 Rf2 46. Re6+ Kf7 47. a4 Rf3 48. Kb4 g4 49. a5 Rb1+ 50. Kc4 Rc1+ 51. Kd4 Rd1+ 52. Kc4 Rc1+ 53. Kd3 Ra1 54. Kc4 Rc1+ 55. Kd4 Rd1+ 1/2-1/2

[Event "Olympiad Women 2024"]
[Site "Budapest HUN"]
[Date "2024.09.21"]
[Round "10.24"]
[Board "4"]
[White "Hilario, Aleyla"]
[Black "Padilla Garcia, Cecilia Xasive"]
[Result "1-0"]
[WhiteElo "1993"]
[BlackElo "1954"]
[PlyCount "81"]
[EventDate "2024.09.11"]
[WhiteTeam "Peru"]
[BlackTeam "Mexico"]
[WhiteTeamCountry "PER"]
[BlackTeamCountry "MEX"]

1. Nf3 Nf6 2. b3 d6 3. d4 g6 4. Bb2 Bg7 5. g3 Bg4 ({RR} 5... a5 6. Bg2 a4 7. O-O O-O 8. c4 axb3 9. axb3 Rxa1 10. Bxa1 Bf5 11. Nbd2 Qc8 12. Re1 Bh3 13. e4 Bxg2 14. Kxg2 e6 15. Bc3 Nfd7 16. Qa1 c5 17. b4 cxd4 18. Nxd4 Bh6 19. Nb5 Qc6 20. Nd4 {½-½ Badea,B (2545)-Nevednichy,V (2550) Ciocaltea Memorial 1998 (5)}) 6. Bg2 Qc8 7. h3 ({RR} 7. Nbd2 Bh3 8. O-O Bxg2 9. Kxg2 O-O 10. e4 Nbd7 {½-½ Piesik,P (2389)-Petenyi,T (2461) SVK-chT 2122 2021 (4.1)}) 7... Bxf3 $146 ({RR} 7... Bd7 8. c4 O-O 9. Nc3 Re8 10. Kf1 e5 11. e3 a5 12. Kg1 h5 13. Ng5 Bc6 14. d5 Bd7 15. Kh2 Na6 16. e4 Qd8 17. Bc1 Qe7 18. Be3 Bh6 19. Re1 Kg7 20. Qd2 Rh8 21. f4 h4 22. gxh4 {½-½ Barcza,G-Enevoldsen,J Copenhagen CC 100th Anniversary 1965 (7)}) ({RR} 7... Bd7 8. c4 O-O 9. Nc3 Re8 10. Kf1 e5 11. dxe5 dxe5 12. e4 Nc6 13. Kg1 h6 14. Kh2 Nd4 15. Qd3 c6 16. Na4 c5 17. Nc3 Rb8 18. Rac1 Qd8 19. Nd2 a6 20. Rhd1 Rc8 21. Nf1 h5 22. Ne3 {1-0 Martinez,C-Grinberg,R Zarate op 3th 1974 (5)}) ({RR} 7... Bd7 8. c4 c5 9. Nc3 cxd4 10. Nxd4 Nc6 11. Nc2 O-O 12. Ne3 a6 13. Qd2 Be6 14. Rc1 Qd8 15. f4 Qa5 16. a3 Rfc8 17. b4 Qd8 18. g4 Rab8 19. Bf3 a5 20. Ncd5 Bxd5 21. cxd5 Na7 22. Rxc8 {1-0 Sulava,N (2480)-Vismara,D (2235) Celle Ligure op 1996 (5)}) 8. exf3 d5 9. O-O O-O 10. f4 Ne4 11. c4 e6 12. Qc2 f5 13. Nd2 Nxd2 14. Qxd2 c6 15. Rfe1 Na6 16. Qe2 Nc7 17. Rad1 Qd7 18. a4 a6 19. Ba3 Rfe8 20. Bc5 b5 21. a5 Rab8 22. Ba7 Rb7 23. Bb6 Na8 24. cxb5 cxb5 25. Bc5 Kf7 26. Rc1 Rc8 27. Rc3 Rbc7 28. Re3 Rc6 29. g4 Re8 30. gxf5 gxf5 31. Qh5+ Kg8 32. Bxd5 Nc7 33. Bxc6 Qxc6 34. Rg3 Kh8 35. Qf7 Rg8 36. Bf8 Ne8 37. Rxe6 Qc1+ 38. Kg2 Rxf8 39. Rxe8 Qc6+ 40. d5 Qd6 41. Qxg7# 1-0

[Event "Olympiad Women 2024"]
[Site "Budapest HUN"]
[Date "2024.09.21"]
[Round "10.25"]
[Board "1"]
[White "Unuk, Laura"]
[Black "Shuqja, Klean"]
[Result "1-0"]
[WhiteElo "2316"]
[BlackElo "2042"]
[PlyCount "79"]
[EventDate "2024.09.11"]
[WhiteTeam "Slovenia"]
[BlackTeam "Albania"]
[WhiteTeamCountry "SLO"]
[BlackTeamCountry "ALB"]

1. Nf3 Nf6 2. g3 e6 3. Bg2 d5 4. O-O Be7 5. d4 O-O 6. c4 b6 7. b3 Bb7 8. Bb2 Nbd7 9. Nc3 c6 10. Qc2 Rc8 11. Rfd1 Qc7 12. Rac1 Qb8 13. e4 Nxe4 14. Nxe4 dxe4 15. Qxe4 Rfe8 $146 ({RR} 15... Nf6 16. Qe2 Rc7 17. d5 Bc5 18. Be5 cxd5 19. Bxc7 Qxc7 20. cxd5 Qe7 21. Nd4 Nxd5 22. Qe5 Rd8 23. Nb5 Rf8 24. Nc3 Nf6 25. Qe2 h5 26. Na4 Ba3 27. Rc2 h4 28. Rd4 Bxg2 29. Kxg2 Qb7+ 30. Kg1 {0-1 Nilssen,J (2320)-Frederiksen,H (2142) Skovlunde Pinse op 1999}) ({RR} 15... c5 16. Qe3 Bf6 17. Ba3 cxd4 18. Nxd4 Nc5 19. Bxc5 Rxc5 20. Nb5 a6 21. Nd6 Bxg2 22. Kxg2 Rd8 23. Ne4 Rcc8 24. Qf3 Be7 25. Rxd8+ Rxd8 26. Rd1 h6 27. h4 Rxd1 28. Qxd1 Qd8 29. Qxd8+ Bxd8 30. Kf3 {0-1 Mahdavi,R (2324)-Seletsky,G (2279) Titled Tue 28th Mar Early 2023 (2)}) ({RR} 15... Nf6 16. Qe2 Rfe8 17. Ne5 c5 18. dxc5 Bxg2 19. Kxg2 bxc5 20. Nd7 Nxd7 21. Rxd7 Red8 22. Rcd1 Rxd7 23. Rxd7 Bf8 24. Qe5 Qa8+ 25. f3 Re8 26. Qh5 Rd8 27. Qxf7+ {1-0 Komljenovic,D (2485)-De Anna,F (2094) Benidorm op 20th 2007 (2)}) 16. c5 Nf6 17. Qe2 Nd5 18. h4 h6 19. Bf1 b5 20. Ne5 Nf6 21. Qf3 h5 22. Rc2 g6 23. Bc1 Kg7 24. Bf4 Qa8 25. Bg5 Rcd8 26. Qf4 Rh8 27. Rd3 Rdf8 28. Bxf6+ Bxf6 29. Nd7 Qd8 30. Nxf8 Rxf8 31. b4 Qb8 32. Qe4 Rd8 33. Bg2 Qc7 34. Rcd2 Rd7 35. g4 hxg4 36. Qxg4 Rd8 37. h5 Bc8 38. hxg6 e5 39. Qe4 fxg6 40. dxe5 1-0

[Event "Olympiad Women 2024"]
[Site "Budapest HUN"]
[Date "2024.09.21"]
[Round "10.25"]
[Board "2"]
[White "Geske, Bruna"]
[Black "Urh, Zala"]
[Result "1/2-1/2"]
[WhiteElo "2023"]
[BlackElo "2251"]
[PlyCount "94"]
[EventDate "2024.09.11"]
[WhiteTeam "Albania"]
[BlackTeam "Slovenia"]
[WhiteTeamCountry "ALB"]
[BlackTeamCountry "SLO"]

1. e4 c5 2. Nf3 e6 3. c3 d5 4. exd5 Qxd5 5. Na3 a6 6. d4 Nf6 7. Nc4 Nbd7 8. Be3 b5 9. Na5 ({RR} 9. Nce5 Bb7 10. Nxd7 Nxd7 11. a4 c4 {0-1 Firman,N (2479)-Nadanian,A (2248) Titled Tue 25th Jun Early 2024 (10)}) 9... cxd4 ({RR} 9... Ng4 10. Bd3 Nxe3 11. fxe3 Bd6 12. Qc2 Qh5 13. O-O O-O 14. Rad1 Qh6 15. Qf2 Nf6 16. h3 Ra7 17. e4 Bf4 18. Qe1 cxd4 19. cxd4 Rc7 20. Nb3 Nh5 21. Qh4 g5 22. Qe1 Ng3 23. Rf2 g4 24. Nh2 {0-1 Tari,A (2642)-Caruana,F (2764) 11th Norway Blitz 2023 (6.2)}) 10. Qxd4 $146 ({RR} 10. Bxd4 Bc5 11. Be2 O-O 12. O-O Bxd4 13. Nxd4 Bb7 14. Bf3 Ne4 15. Qe2 f5 16. Rad1 Ne5 17. Ndb3 Nxf3+ 18. gxf3 Qe5 19. Nxb7 Ng5 20. Qxe5 Nxf3+ 21. Kg2 Nxe5 22. Rfe1 Ng6 23. N7c5 e5 24. Rd7 f4 {1-0 Latifah,D (1346)-Anood,A (1131) UAE President Cup U14 Girls 2019 (2)}) 10... Bc5 11. Qxd5 Nxd5 12. Bxc5 Nxc5 13. Ne5 Nb7 14. Nb3 f6 15. Nd3 Ke7 16. Ndc5 Nxc5 17. Nxc5 Kd6 18. Nd3 Bb7 19. O-O-O Rhc8 20. Nb4 Kc5 21. Nxd5 Bxd5 22. b3 Rc7 23. f3 a5 24. Kb2 a4 25. b4+ Kb6 26. a3 Rac8 27. Rd3 Rc6 28. Re3 Bb3 29. Rd3 e5 30. g3 Be6 31. g4 Bc4 32. Re3 Bxf1 33. Rxf1 Rd6 34. Rf2 Rcd8 35. Kc2 Rd1 36. f4 exf4 37. Re6+ R8d6 38. Rxd6+ Rxd6 39. Rxf4 Rd5 40. c4 bxc4 41. Rxc4 h5 42. h3 hxg4 43. hxg4 f5 44. Rf4 fxg4 45. Rxg4 g5 46. Kc3 Kb5 47. Rg3 Rf5 1/2-1/2

[Event "Olympiad Women 2024"]
[Site "Budapest HUN"]
[Date "2024.09.21"]
[Round "10.25"]
[Board "3"]
[White "Janzelj, Lara"]
[Black "Shabanaj, Eglantina"]
[Result "1-0"]
[WhiteElo "2193"]
[BlackElo "1957"]
[PlyCount "81"]
[EventDate "2024.09.11"]
[WhiteTeam "Slovenia"]
[BlackTeam "Albania"]
[WhiteTeamCountry "SLO"]
[BlackTeamCountry "ALB"]

1. d4 d5 2. c4 e6 3. Nf3 Nf6 4. g3 c6 5. Qc2 Nbd7 6. Bg2 Be7 7. O-O O-O 8. Rd1 b6 9. b3 Bb7 10. Nc3 Rc8 11. e4 dxe4 12. Ng5 h6 13. Ngxe4 Nxe4 14. Nxe4 Nf6 15. c5 ({RR} 15. h4 Qd7 16. Bb2 Rfd8 17. a3 Nxe4 18. Qxe4 Rc7 19. Qc2 Qc8 20. Rd2 Rcd7 21. Rad1 Qc7 22. b4 Bf6 23. c5 Ba6 24. cxb6 Qxb6 25. Qxc6 Bb5 26. Qxb6 axb6 27. Be4 Ba4 28. Rc1 Rd6 29. Rc7 g5 {½-½ Lamard,G (2500)-Chabanon,J (2400) TCh-FRA Top 16 GpB 2024 (1.13)}) 15... Nd5 16. a3 f5 $146 ({RR} 16... Qc7 17. b4 Rfd8 18. Bd2 Rd7 19. Qb3 Nf6 20. Bf4 Qd8 21. Be5 Nxe4 22. Bxe4 Bf6 23. f4 b5 24. Qf3 g6 25. a4 a6 26. axb5 axb5 27. g4 Ra8 28. Rxa8 Bxa8 29. Bd6 Rxd6 30. cxd6 Qxd6 31. f5 {1-0 Sebenik,M (2407)-Buzeti,J (1948) SLO-ch 15th Ptuj 2005 (9)}) ({RR} 16... a5 17. Nd2 Qc7 18. Bb2 Rfd8 19. Rac1 b5 20. Qe4 Nf6 21. Qe3 Nd5 22. Qe2 Rd7 23. Nf3 Bf6 24. Bc3 Nxc3 25. Rxc3 Rcd8 26. Qe4 e5 27. Rcd3 exd4 28. Nxd4 Qe5 29. Nc2 Rxd3 30. Rxd3 Rxd3 31. Qxd3 {½-½ Varela,M (1880)-Carcamo,M (1989) ARG-ch U2000 2018 (5)}) 17. Nd2 bxc5 18. dxc5 Qa5 19. b4 Qa6 20. Bf1 Nxb4 21. axb4 Qxa1 22. Bb2 Qxd1 23. Qxd1 Rcd8 24. Bc4 Bc8 25. Qe2 Kh8 26. Bxe6 Bg5 27. Nf3 Bf6 28. Bxf6 Rxf6 29. Bxc8 Rxc8 30. Ne5 Kh7 31. Qd3 Re8 32. f4 Re7 33. h4 Rb7 34. Qd8 Re6 35. h5 Rbe7 36. Kg2 Re8 37. Qd3 Rf6 38. Qd7 Rb8 39. Nxc6 Rbf8 40. Ne5 Rb8 41. c6 1-0

[Event "Olympiad Women 2024"]
[Site "Budapest HUN"]
[Date "2024.09.21"]
[Round "10.25"]
[Board "4"]
[White "Omeri, Eklea"]
[Black "Mihelic, Vesna"]
[Result "0-1"]
[WhiteElo "1962"]
[BlackElo "2069"]
[PlyCount "68"]
[EventDate "2024.09.11"]
[WhiteTeam "Albania"]
[BlackTeam "Slovenia"]
[WhiteTeamCountry "ALB"]
[BlackTeamCountry "SLO"]

1. d4 d5 2. c4 e6 3. Nc3 Nf6 4. cxd5 exd5 5. Bg5 Nbd7 6. e3 c6 7. Bd3 Be7 8. Qc2 h6 9. Bh4 O-O 10. Nge2 Re8 11. f3 b5 12. a3 ({RR} 12. O-O Nb6 13. Rad1 Bd7 14. Kh1 Rc8 15. a3 a5 16. Qd2 b4 17. axb4 axb4 18. Na2 c5 19. dxc5 Bxc5 20. Nd4 Nc4 21. Bxc4 dxc4 22. Nxb4 Ne4 23. fxe4 Qxh4 24. Nd5 Qxe4 25. Nc3 Qxe3 26. Qxe3 Rxe3 {0-1 So,W (2772)-Firouzja,A (2759) Aimchess US Rapid KO 2021 (1.12)}) 12... a5 13. O-O Ba6 14. Bf2 $146 ({RR} 14. Kh1 b4 15. axb4 Bxd3 16. Qxd3 axb4 17. Na4 Nb6 18. Nxb6 Qxb6 19. Bf2 Bd6 20. Ng3 Qc7 21. e4 h5 22. e5 Bxe5 23. dxe5 Qxe5 24. Bd4 Qg5 25. Bxf6 Qxf6 26. Rxa8 Rxa8 27. b3 h4 28. Nf5 h3 {½-½ Vifleemskaia,S (1903)-Kruusiauk,H (1677) Swiss Queens Wed #4 2024 (4.2)}) 14... Qb6 15. e4 dxe4 16. Nxe4 Nd5 17. Nc5 Nxc5 18. dxc5 Qc7 19. Rfe1 Bg5 20. Be4 Ne3 21. Qc3 b4 22. axb4 axb4 23. Qb3 Bxe2 24. Rxa8 Rxa8 25. Rxe2 Ra1+ 26. Re1 Qa5 27. Bg6 Rxe1+ 28. Bxe1 Nd5 29. Bc2 Qxc5+ 30. Kh1 Nf4 31. h4 Ne2 32. Bh7+ Kh8 33. Kh2 Qg1+ 34. Kh3 Qxe1 0-1

[Event "Olympiad Women 2024"]
[Site "Budapest HUN"]
[Date "2024.09.21"]
[Round "10.26"]
[Board "1"]
[White "Lakos, Nikoletta"]
[Black "Varela La Madrid, Tilsia Carolina"]
[Result "1-0"]
[WhiteElo "2192"]
[BlackElo "2017"]
[PlyCount "79"]
[EventDate "2024.09.11"]
[WhiteTeam "Hungary B"]
[BlackTeam "Venezuela"]
[BlackTeamCountry "VEN"]

1. e4 e5 2. Nf3 Nc6 3. Nc3 Nf6 4. d4 exd4 5. Nxd4 Bb4 6. Nxc6 bxc6 7. Bd3 d5 8. Bd2 dxe4 9. Nxe4 Bxd2+ 10. Qxd2 Nxe4 11. Bxe4 Qxd2+ 12. Kxd2 Bb7 13. Kc3 $146 ({RR} 13. Rad1 O-O-O+ 14. Kc3 c5 15. Bxb7+ Kxb7 16. b3 Kc6 17. Rhe1 Rxd1 18. Rxd1 Re8 19. Rd2 Re1 20. h4 f5 21. g3 h6 22. Kd3 g5 23. hxg5 hxg5 24. Re2 Rf1 25. Kc4 Kd6 26. Rd2+ Ke5 27. Kxc5 f4 {½-½ Baches Garcia,G (2329)-Kett,T (2136) Titled Tuesday intern op 15th Feb Early blitz 2022 (3)}) 13... O-O-O 14. Rhe1 g6 15. g3 Rd6 16. Bd3 Kd7 17. b4 Re8 18. Rxe8 Kxe8 19. Re1+ Kd7 20. Bc4 Rf6 21. f4 Rf5 22. Re5 Rxe5 23. fxe5 Ke7 24. Kd4 f6 25. a4 fxe5+ 26. Kxe5 Bc8 27. Bd3 Bd7 28. a5 Be6 29. Be4 Bd7 30. h4 Be8 31. h5 gxh5 32. Bxh7 Kf7 33. c3 Kg7 34. Be4 Kh6 35. Kf6 c5 36. bxc5 Bb5 37. c6 Be2 38. Bd5 Bb5 39. Bf3 Ba4 40. Ke7 1-0

[Event "Olympiad Women 2024"]
[Site "Budapest HUN"]
[Date "2024.09.21"]
[Round "10.26"]
[Board "2"]
[White "Rovira Contreras, Tairu Manuela"]
[Black "Karacsonyi, Kata"]
[Result "0-1"]
[WhiteElo "2022"]
[BlackElo "2233"]
[PlyCount "102"]
[EventDate "2024.09.11"]
[WhiteTeam "Venezuela"]
[BlackTeam "Hungary B"]
[WhiteTeamCountry "VEN"]

1. d4 Nf6 2. c4 e6 3. Nf3 d5 4. Nc3 dxc4 5. e4 b5 6. e5 Nd5 7. Nxb5 Nb6 8. Be3 Nc6 9. Nc3 Be7 10. Be2 O-O 11. O-O a5 ({RR} 11... Rb8 12. a3 Bb7 13. Qc2 Na5 14. Rad1 h6 15. Nd2 Qd7 16. f4 Nd5 17. Nxd5 Bxd5 18. Qc3 Rb5 19. Nxc4 Nxc4 20. Bxc4 Bxc4 21. Qxc4 Rxb2 22. d5 exd5 23. Rxd5 Qf5 24. a4 Rfb8 25. Rb5 c5 26. Rxb8+ {½-½ Mamedyarov,S (2801)-Caruana,F (2822) Sinquefield Cup 6th 2018 (3)}) ({RR} 11... Bb7 12. Na4 Ba6 13. a3 Na5 14. Nd2 Qd7 15. Nc3 Bb7 16. Qc2 f5 17. exf6 gxf6 18. Bf3 Bxf3 19. Nxf3 Kh8 20. Rfe1 Rg8 21. Bf4 Bd6 22. Bg3 Bxg3 23. hxg3 Rae8 24. Re2 Nc6 25. Qe4 e5 26. dxe5 {1-0 Javakhishvili,L (2438)-Arabidze,M (2461) 81st ch-GEO w 2024 (7.5)}) 12. Na4 $146 ({RR} 12. Rc1 Ba6 13. a3 Nd5 14. Ne4 Rb8 15. Bxc4 Bxc4 16. Rxc4 Nxe3 17. fxe3 Qd5 18. Nfd2 Rfc8 19. Qf3 Nd8 20. b3 Rxb3 21. Rfc1 Rxa3 22. Rxc7 Rxc7 23. Rxc7 Bf8 24. h4 h6 25. Nc4 Ra1+ 26. Kh2 Rc1 {1-0 Cyfka,K (2348)-Hasterok,M (2162) European Blitz 2022 (14.70)}) ({RR} 12. a3 a4 13. Qc2 Na5 14. Nxa4 Nb3 15. Nxb6 cxb6 16. Rad1 b5 17. Qe4 Qd5 18. Qg4 Rd8 19. Ng5 Bb7 20. Bf3 Qd7 21. Ne4 Kh8 22. h4 Qc7 23. h5 h6 24. Rfe1 Rd7 25. Nc3 b4 26. axb4 Bxb4 {1-0 Babula,V (2314)-Pasti,A (2335) 16th Teplice Open 2023 (4.7)}) 12... Ba6 13. a3 Qd7 14. Rc1 Nxa4 15. Qxa4 Nxe5 16. Qxd7 Nxd7 17. Bxc4 Bxc4 18. Rxc4 Bd6 19. Rc2 Rfb8 20. g3 Rb5 21. Rd1 Rab8 22. Bc1 Rb3 23. Kg2 h6 24. Ne5 Nxe5 25. dxe5 Bxe5 26. Rc5 R8b5 27. Rd8+ Kh7 28. Rc4 Bxb2 29. a4 Rd5 30. Rf8 Bxc1 31. Rxc1 Rf5 32. f4 Rb2+ 33. Kf3 Rb3+ 34. Kg2 g5 35. Rxc7 Kg7 36. Ra8 gxf4 37. gxf4 Rb4 38. Rc3 Rxa4 39. Kg3 h5 40. Rf3 Ra2 41. Ra7 Kf6 42. h3 Kg6 43. Ra8 Rb5 44. Kh4 a4 45. Rg3+ Kf6 46. Rh8 Rf2 47. Rh6+ Ke7 48. Rg5 Rxf4+ 49. Kxh5 Rxg5+ 50. Kxg5 Rf5+ 51. Kg4 a3 0-1

[Event "Olympiad Women 2024"]
[Site "Budapest HUN"]
[Date "2024.09.21"]
[Round "10.26"]
[Board "3"]
[White "Demeter, Dorina"]
[Black "Perez Hernandez, Vicmary C."]
[Result "1-0"]
[WhiteElo "2199"]
[BlackElo "1960"]
[PlyCount "97"]
[EventDate "2024.09.11"]
[WhiteTeam "Hungary B"]
[BlackTeam "Venezuela"]
[BlackTeamCountry "VEN"]

1. Nf3 Nf6 2. g3 g6 3. Bg2 Bg7 4. O-O O-O 5. d4 d6 6. Nc3 Nc6 7. Bf4 Nd7 8. Qd2 e5 9. Bg5 f6 10. Bh6 exd4 $146 ({RR} 10... Nb6 11. Bxg7 Kxg7 12. h3 f5 13. dxe5 dxe5 14. Qxd8 Rxd8 15. Rfd1 e4 16. Rxd8 Nxd8 17. Nd4 c6 18. f3 exf3 19. exf3 Ne6 20. Rd1 Kf6 21. Kf2 a5 22. f4 Nc5 23. b3 Be6 24. a3 Rd8 25. Nxe6 {½-½ Andersson,U (2640)-Zapata,A (2525) Olympiad-32 Yerevan 1996 (3.1)}) 11. Nb5 Nde5 12. Nfxd4 Qe7 13. Bxg7 Kxg7 14. Nxc6 Nxc6 15. Qc3 a6 16. Nd4 Nxd4 17. Qxd4 Rb8 18. e4 Bd7 19. f4 Bc6 20. Rae1 Rbe8 21. Re3 Qf7 22. a4 Kg8 23. Rfe1 Re7 24. Bf1 Bd7 25. Qb4 Qe8 26. Qxb7 Bxa4 27. Qxa6 Bc6 28. Qa5 Qd7 29. Bc4+ Kg7 30. Qc3 Ba8 31. Bd5 Bxd5 32. exd5 Rfe8 33. Qc6 Qxc6 34. Rxe7+ Rxe7 35. Rxe7+ Kf8 36. dxc6 Kxe7 37. Kf2 d5 38. Ke3 Kd6 39. Kd4 Kxc6 40. g4 Kd6 41. b4 c6 42. f5 gxf5 43. gxf5 h6 44. h3 h5 45. h4 Kd7 46. Kc5 Kc7 47. c3 Kd7 48. b5 cxb5 49. Kxd5 1-0